000
00342nam a2200145Ia 4500
008
230312s9999||||xx |||||||||||||| ||und||
020
_a
9789699739743
082
_a
891.4
_b
SAJ-I
100
_a
محمد ساجد خان
245
0
_a
انتخابات
260
_b
Jamhori
_a
pak
_c
2013
300
_a
208
650
_a
Literature
942
_c
BK
999
_c
14985
_d
14985